000 00302 a2200145 4500
001 179003
020 _a
040 _cMagnum
100 _aFrança, Mary
240 1 0 _aBeto a toda cor
_lpor
245 1 0 _aBeto a toda cor
362 0 _a1899
697 _aMAGNITO: I/AVENTURA, CRIANCAS
942 _cBK
999 _c179003
_d179003